| 000 | 00664nam a22002417a 4500 | ||
|---|---|---|---|
| 001 | 76213 | ||
| 003 | BD-RjUL | ||
| 005 | 20211209082817.0 | ||
| 008 | 191112s2003 I ||||| |||| 001 0 eng d | ||
| 020 | _a0130497150 | ||
| 035 | _a(BD-RjUL)76434 | ||
| 040 |
_aBD-RjUL _beng _cBD-RjUL _dBD-RjUL |
||
| 041 | _aeng | ||
| 082 | 0 | 4 |
_a658.8 _bKOM 2003 _219 |
| 100 | 1 |
_aKotler, Philip, _91938 |
|
| 245 | 1 |
_aMarketing management / _cPhilip Kotler |
|
| 250 | _a11 th ed. | ||
| 260 |
_aNew Jersey : _bPrentice-Hall of India, _c2003 |
||
| 300 |
_axxix, 706 p. : _bill. ; _c28 cm. |
||
| 504 | _aIncludes index. | ||
| 650 |
_aMarketing _v Management _95800 |
||
| 942 |
_2ddc _cBK |
||
| 999 |
_c76213 _d76213 |
||